An approach to the new Spanish penal Code of 1995

Guardado en:  
Detalles Bibliográficos
Autores principales: Cuesta Arzamendi, José L. de la 1955- (Autor) ; Varona, G. (Autor)
Tipo de documento: Print Artículo
Lenguaje:Inglés
Publicado: 1996
En: European journal of crime, criminal law and criminal justice
Año: 1996, Volumen: 4, Número: 3, Páginas: 226-242
Verificar disponibilidad: HBZ Gateway
Palabras clave:

MARC

LEADER 00000caa a22000002c 4500
001 1639849211
003 DE-627
005 20250522125329.0
007 tu
008 160223s1996 xx ||||| 00| ||eng c
035 |a (DE-627)1639849211 
035 |a (DE-576)455984883 
035 |a (DE-599)BSZ455984883 
040 |a DE-627  |b ger  |c DE-627  |e rakwb 
041 |a eng 
100 1 |a Cuesta Arzamendi, José L. de la  |d 1955-  |0 (DE-588)142317896  |0 (DE-627)63553522X  |0 (DE-576)330093282  |4 aut 
109 |a Cuesta Arzamendi, José L. de la 1955-  |a Cuesta Arzamendi, José Luis de la 1955-  |a De la Cuesta Arzamendi, José L. 1955-  |a Arzamendi, José ́Luis de la Cuesta 1955-  |a De la Cuesta Arzamendi, José Luis 1955-  |a La Cuesta Arzamendi, José L. de 1955-  |a La Cuesta Arzamendi, José Luis de 1955-  |a Arzamendi, José L. de la Cuesta 1955-  |a Cuesta, José Luis de la 1955-  |a Cuesta, J. 1955- 
245 1 3 |a An approach to the new Spanish penal Code of 1995  |c J. L. ¬de la¬ Cuesta, G. Varona 
264 1 |c 1996 
336 |a Text  |b txt  |2 rdacontent 
337 |a ohne Hilfsmittel zu benutzen  |b n  |2 rdamedia 
338 |a Band  |b nc  |2 rdacarrier 
700 1 |a Varona, G.  |4 aut 
773 0 8 |i In  |t European journal of crime, criminal law and criminal justice  |d Leiden : Nijhoff, 1993  |g 4(1996), 3, Seite 226-242  |w (DE-627)171294025  |w (DE-600)1174549-6  |w (DE-576)038869942  |x 0928-9569  |7 nnas 
773 1 8 |g volume:4  |g year:1996  |g number:3  |g pages:226-242 
935 |a mkri 
951 |a AR 
ELC |b 1 
LOK |0 000 xxxxxcx a22 zn 4500 
LOK |0 001 3300907411 
LOK |0 003 DE-627 
LOK |0 004 1639849211 
LOK |0 005 20250721141610 
LOK |0 008 160208||||||||||||||||ger||||||| 
LOK |0 040   |a DE-21-110  |c DE-627  |d DE-21-110 
LOK |0 689   |a s  |a Strafrechtsreform 
LOK |0 689   |a s  |a Spanien 
LOK |0 689   |a s  |a Strafensystem 
LOK |0 852   |a DE-21-110 
LOK |0 852 1  |m p  |9 00 
LOK |0 935   |a k110 
LOK |0 938   |k p 
LOK |0 939   |a 08-02-16  |b l01 
ORI |a SA-MARC-krimdoka001.raw